Everyman's United Nations : (Record no. 12969)
[ view plain ]
| 000 -LEADER | |
|---|---|
| fixed length control field | 01498cas a22003615a 4500 |
| 001 - CONTROL NUMBER | |
| control field | 11143353 |
| 005 - DATE AND TIME OF LATEST TRANSACTION | |
| control field | 20150810154808.0 |
| 008 - FIXED-LENGTH DATA ELEMENTS--GENERAL INFORMATION | |
| fixed length control field | 750410d19481968nyu r pf | i001 0ceng |
| 010 ## - LIBRARY OF CONGRESS CONTROL NUMBER | |
| LC control number | 48010196 |
| 040 ## - CATALOGING SOURCE | |
| Original cataloging agency | DLC |
| Language of cataloging | eng |
| Transcribing agency | DI |
| Modifying agency | DLC |
| -- | OCoLC |
| -- | DLC |
| -- | OCoLC |
| -- | NST |
| -- | OCoLC |
| -- | MH |
| -- | NSDP |
| -- | NST |
| -- | InU |
| -- | EG-ScBUE |
| 050 00 - LIBRARY OF CONGRESS CALL NUMBER | |
| Classification number | JX1977.A37 |
| Item number | E9 |
| 082 04 - DEWEY DECIMAL CLASSIFICATION NUMBER | |
| Classification number | 341.13 |
| Item number | UNI |
| Edition number | 22 |
| 110 1# - MAIN ENTRY--CORPORATE NAME | |
| Corporate name or jurisdiction name as entry element | United Nations. |
| Subordinate unit | Office of Public Information. |
| Location of meeting | New York. |
| 245 10 - TITLE STATEMENT | |
| Title | Everyman's United Nations : |
| Remainder of title | a complete handbook of the activities and evolution of the United Nations during its first twenty years, 1945-1965 / |
| Statement of responsibility, etc | Office of Public Information, United Nations. |
| 250 ## - EDITION STATEMENT | |
| Edition statement | 8th ed. |
| 260 ## - PUBLICATION, DISTRIBUTION, ETC. (IMPRINT) | |
| Place of publication, distribution, etc | New York : |
| Name of publisher, distributor, etc | United Nations Publications, |
| Date of publication, distribution, etc | 1968. |
| 300 ## - PHYSICAL DESCRIPTION | |
| Extent | xii, 634 p. |
| Dimensions | 22 cm. |
| 362 0# - DATES OF PUBLICATION AND/OR SEQUENTIAL DESIGNATION | |
| Dates of publication and/or sequential designation | [1st]-8th ed.; 1948-68. |
| 500 ## - GENERAL NOTE | |
| General note | Second-8th editions issued with the United Nations publications sales numbers. |
| 500 ## - GENERAL NOTE | |
| General note | Index : p. 597-634. |
| 525 ## - SUPPLEMENT NOTE | |
| Supplement note | 8th ed. has supplement covering 1966-70. |
| 550 ## - ISSUING BODY NOTE | |
| Issuing body note | Vols. for 1948-56 issued by the United Nations Dept. of Public Information; 1959-68 by its Office of Public Information. |
| 590 ## - LOCAL NOTE (RLIN) | |
| Local note | SERBIB/SERLOC merged record |
| 610 20 - SUBJECT ADDED ENTRY--CORPORATE NAME | |
| Corporate name or jurisdiction name as entry element | United Nations. |
| 9 (RLIN) | 9585 |
| 650 ## - SUBJECT ADDED ENTRY--TOPICAL TERM | |
| Source of heading or term | BUEsh |
| 651 ## - SUBJECT ADDED ENTRY--GEOGRAPHIC NAME | |
| Source of heading or term | BUEsh |
| 653 ## - INDEX TERM--UNCONTROLLED | |
| Resource For college | BAEPS, Political Science |
| Arrived date list | August2015 |
| 655 ## - INDEX TERM--GENRE/FORM | |
| Form subdivision | |
| -- | 34232 |
| 785 00 - SUCCEEDING ENTRY | |
| Title | Everyone's United Nations |
| International Standard Serial Number | 0251-690X |
| Record control number | (DLC) 80644223 |
| -- | (OCoLC)6104926 |
| 936 ## - OCLC/CONSER MISCELLANEOUS DATA (OCLC); PIECE USED FOR CATALOGING (pre-AACR2) (RLIN) | |
| OCLC control number(s) of parallel record(s) (OCLC); Piece used for cataloging, PUC (RLIN) | Unknown |
| 942 ## - ADDED ENTRY ELEMENTS (KOHA) | |
| Source of classification or shelving scheme | Dewey Decimal Classification |
| Item type | Book - Borrowing |
| Withdrawn status | Item status | Source of classification or shelving scheme | Damaged status | Not for loan | Vendor | Home library | Current library | Shelving location | Date acquired | Source of acquisition | Total Checkouts | Total Renewals | Full call number | Barcode | Date last seen | Date last borrowed | Koha item type |
|---|---|---|---|---|---|---|---|---|---|---|---|---|---|---|---|---|---|
| Dewey Decimal Classification | Central Library | Central Library | First floor | 23/11/2009 | 2 | 11 | 341.13 UNI | 000018152 | 15/07/2025 | 15/04/2019 | Book - Borrowing |